| 000 | 00938cam a2200277 a 4500 | ||
|---|---|---|---|
| 001 | 4329860 | ||
| 003 | OSt | ||
| 005 | 20140310182731.0 | ||
| 008 | 880907s1990 nyuaf 001 0 eng | ||
| 010 | _a 88029763 | ||
| 020 | _a0133069524 | ||
| 040 |
_aDLC _cDLC _dDLC |
||
| 050 | 0 | 0 |
_aZ 52.5.W65 _b.M393 1990 |
| 100 | 1 | _aMcClure, Rhyder. | |
| 245 | 1 | 0 |
_aFast access desktop publishing with wordperfect 5.0 and 5.1 : _cRhyder McClure. _btranslates user ideas into effective publishing documents / |
| 260 |
_aNew York : _bBrady, _c1990. |
||
| 300 |
_a298 p. : _bill., [1] folded page of plates ; _c24 cm. |
||
| 500 | _aIncludes index. | ||
| 521 | _aIT | ||
| 630 | 0 | 0 | _aWordPerfect (Computer file) |
| 650 | 0 | _aWord processing. | |
| 906 |
_a7 _bcbc _corignew _d1 _eocip _f19 _gy-gencatlg |
||
| 942 |
_2lcc _cBK _kFOR |
||
| 999 |
_c15458 _d15458 |
||